LEADER 00674nam a2200169 i 4500 001 000000223385 003 CaOOAMICUS 005 20131010000000.0 008 131010s1845 xx u000 u fre u 013 $a202282 040 $aSeMil$bita 245 10$a2. partie. 300 $a119 p. 773 0 $aMartinet, Antoine <1802-1874>$tPlaton-Polichinelle, ou La sagesse devenue folie, pour se mettre a la portée du siècle.$bNouvelle édition revue et corrigée.$dTournai : Typographie de J. Casterman, 1845.$g2$w()5417 850 $aSeMil 852 $aSeMil$W1$xVenegono$y1$m2Q I 25 FA$j173731$B173731$CSeMilBibl$Z2$F184024 $8I 996 $6245$a2. partie$9(OLS)http://semarc/title/135665 LEADER 01193nam a2200241 i 4500 001 000000063755 003 CaOOAMICUS 005 20130314000000.0 008 130314s1881 it u000 u ita u 013 $a34927 040 $aSeMil$bita 245 10$aIndici degli autori, delle materie e dei luoghi della S. Scrittura contenuti nei tre primi volumi della Teosofia di Antonio Rosmini /$ccompilati per Severino Frati. 260 $aTorino :$bG. B. Paravia & C.,$c1881. 300 $a136 p. ;$c27 cm. 650 4$aRosmini Serbati, Antonio . Teosofia.$0(OLS)http://semarc/subject/3401 700 1 $aFrati, Severino.$0(OLS)http://semarc/name/32227 700 1 $aRosmini, Antonio,$c.$0(OLS)http://semarc/name/405 850 $aSeMil 852 $aSeMil$W1$xVenegono$y1$m2L V 11 FA$j29908$B29908$CSeMilBibl$Z2$F29911 $8I 900 1 $aRosmini Serbati, Antonio. 996 $6245$aIndici degli autori, delle materie e dei luoghi della S. Scrittura contenuti nei tre primi volumi della Teosofia di Antonio Rosmini$9(OLS)http://semarc/title/100788 996 $6260$aTorino :$bG. B. Paravia & C.$9(OLS)http://semarc/publisher/40797